| 000 | 00655nam a22002057a 4500 | ||
|---|---|---|---|
| 003 | OSt | ||
| 005 | 20260203084833.0 | ||
| 008 | 260203b |||||||| |||| 00| 0 eng d | ||
| 020 | _a971-510-166-6. | ||
| 040 |
_aDWC-Main lib _cOC |
||
| 082 |
_2Revised and Expanded edition _aGR. 230 B571m 2002 |
||
| 100 | _aBevans, Stephen B. | ||
| 245 |
_aModels of Contextual Theology _cStephen B. Bevans |
||
| 260 |
_aManila : _bLogos Publications, _cc2002. |
||
| 300 |
_axx, 186 pages ; _c23 cm. |
||
| 504 | _aIncludes bibliographical references and index. | ||
| 650 | _a1. Christianity. | ||
| 650 | _a2. Culture. | ||
| 942 |
_2ddc _cGR _eRev. and Expanded ed. _kGR. _n0 |
||
| 999 |
_c8226 _d8226 |
||